000 00400nam a2200193Ia 4500
001 13258
003 GE_BSU
008 181216s||||||||xx |||||||||||||| ||und||
020 _a0575400951
040 _cGE_BSU
080 _a821.111-32
100 _aHornby,Nick.
245 _aAbout a boy.
260 _aLondon.
260 _c1998
300 _a286p;20cm.
653 _aAbout a boy.
942 _cBK
999 _c46422
_d46422